ਸਿੱਖ ਫ਼ਲਸਫ਼ੇ ਦੀ ਰੂਪ-ਰੇਖਾ / (Record no. 111051)

MARC details
000 -LEADER
fixed length control field 00897nam a22002177a 4500
005 - DATE AND TIME OF LATEST TRANSACTION
control field 20170123164201.0
010 ## - LIBRARY OF CONGRESS CONTROL NUMBER
LC control number B-077885
020 ## - INTERNATIONAL STANDARD BOOK NUMBER
International Standard Book Number 817770009
Terms of availability 150.00
035 ## - SYSTEM CONTROL NUMBER
System control number B-077885
040 ## - CATALOGING SOURCE
Original cataloging agency DPL
Language of cataloging PN
082 ## - DEWEY DECIMAL CLASSIFICATION NUMBER
Classification number 260.1
Item number ਪ੍ਰੀਤਮ
245 ## - TITLE STATEMENT
Title ਸਿੱਖ ਫ਼ਲਸਫ਼ੇ ਦੀ ਰੂਪ-ਰੇਖਾ /
Statement of responsibility, etc ਸੰਪਾਦਕ ਪ੍ਰੀਤਮ ਸਿੰਘ
246 ## - VARYING FORM OF TITLE
Title proper/short title Sikh falsafe di rup-rekha /
Remainder of title edited by Pritam Singh
250 ## - EDITION STATEMENT
Edition statement 2nd ed
260 ## - PUBLICATION, DISTRIBUTION, ETC. (IMPRINT)
Place of publication, distribution, etc ਅੰਮ੍ਰਿਤਸਰ
Name of publisher, distributor, etc ਗੁਰੂ ਨਾਨਕ ਦੇਵ ਯੂਨੀਵਰਸਿਟੀ
Date of publication, distribution, etc 2001
270 ## - ADDRESS
City ਅੰਮ੍ਰਿਤਸਰ
300 ## - PHYSICAL DESCRIPTION
Extent 164p.
Other physical details 23cm(Hb)
650 ## - SUBJECT ADDED ENTRY--TOPICAL TERM
Topical term or geographic name as entry element ਪੰਜਾਬੀ ਸਾਹਿਤ
Form subdivision ਪੰਜਾਬੀ ਸਾਹਿਤ-ਜੀਵਨੀ
9 (RLIN) 3695
700 ## - ADDED ENTRY--PERSONAL NAME
Personal name ਪ੍ਰੀਤਮ ਸਿੰਘ
9 (RLIN) 132989
942 ## - ADDED ENTRY ELEMENTS (KOHA)
Source of classification or shelving scheme Dewey Decimal Classification
Koha item type Punjabi Bks
Classification part 260.1
Call number suffix ਪ੍ਰੀਤਮ
Holdings
Withdrawn status Lost status Damaged status Not for loan Home library Current library Date acquired Source of acquisition Cost, normal purchase price Total Checkouts Full call number Barcode Date last seen Copy number Cost, replacement price Price effective from Koha item type
        Central Library Central Library 11/02/2016 Cen Lib/Ret 150.00   260.1 ਪ੍ਰੀਤਮ B-077885 11/02/2016 1 150.00 11/02/2016 Punjabi Bks

© Delhi Public Library
Hit Counter
free hit counter